The Social Construction of Difference and Inequality : (Record no. 13620)
[ view plain ]
| 000 -LEADER | |
|---|---|
| fixed length control field | 02161cam a22004334a 4500 |
| 001 - CONTROL NUMBER | |
| control field | 15063536 |
| 005 - DATE AND TIME OF LATEST TRANSACTION | |
| control field | 20080617130712.0 |
| 008 - FIXED-LENGTH DATA ELEMENTS--GENERAL INFORMATION | |
| fixed length control field | 071030s2008 mau |rb 001 0 eng |
| 010 ## - LIBRARY OF CONGRESS CONTROL NUMBER | |
| LC control number | 2007045019 |
| 020 ## - INTERNATIONAL STANDARD BOOK NUMBER | |
| International Standard Book Number | 9780073380087 (alk. paper) |
| 020 ## - INTERNATIONAL STANDARD BOOK NUMBER | |
| International Standard Book Number | 0073380083 (alk. paper) |
| 040 ## - CATALOGING SOURCE | |
| Original cataloging agency | DLC |
| Transcribing agency | DLC |
| Modifying agency | DLC |
| 043 ## - GEOGRAPHIC AREA CODE | |
| Geographic area code | n-us--- |
| 050 00 - LIBRARY OF CONGRESS CALL NUMBER | |
| Classification number | HN59.2 |
| Item number | .S585 2008 |
| 082 00 - DEWEY DECIMAL CLASSIFICATION NUMBER | |
| Classification number | 305.0973 |
| Edition number | 22 |
| Item number | SOC |
| 245 04 - TITLE STATEMENT | |
| Title | The Social Construction of Difference and Inequality : |
| Remainder of title | Race, Class, Gender, and Sexuality / |
| Statement of responsibility, etc | [selected and edited by] Tracy Ore. |
| 250 ## - EDITION STATEMENT | |
| Edition statement | 4th ed. |
| 260 ## - PUBLICATION, DISTRIBUTION, ETC. (IMPRINT) | |
| Place of publication, distribution, etc | Boston : |
| Name of publisher, distributor, etc | McGraw-Hill Higher Education, 2009 |
| Date of publication, distribution, etc | 2009 |
| 300 ## - PHYSICAL DESCRIPTION | |
| Extent | xvii, 786 p. ; |
| Dimensions | 24 cm. |
| 504 ## - BIBLIOGRAPHY, ETC. NOTE | |
| Bibliography, etc | Includes bibliographical references |
| 650 #0 - SUBJECT ADDED ENTRY--TOPICAL TERM | |
| Topical term or geographic name as entry element | Cultural pluralism |
| Geographic subdivision | United States. |
| 9 (RLIN) | 12414 |
| 650 #0 - SUBJECT ADDED ENTRY--TOPICAL TERM | |
| Topical term or geographic name as entry element | Equality |
| Geographic subdivision | United States. |
| 9 (RLIN) | 12415 |
| 650 #0 - SUBJECT ADDED ENTRY--TOPICAL TERM | |
| Topical term or geographic name as entry element | Minorities |
| Geographic subdivision | United States |
| General subdivision | Social conditions. |
| 9 (RLIN) | 12416 |
| 650 #0 - SUBJECT ADDED ENTRY--TOPICAL TERM | |
| Topical term or geographic name as entry element | Social classes |
| Geographic subdivision | United States. |
| 9 (RLIN) | 12417 |
| 650 #0 - SUBJECT ADDED ENTRY--TOPICAL TERM | |
| Topical term or geographic name as entry element | Women |
| Geographic subdivision | United States |
| General subdivision | Social conditions. |
| 9 (RLIN) | 12418 |
| 650 #0 - SUBJECT ADDED ENTRY--TOPICAL TERM | |
| Topical term or geographic name as entry element | Gays |
| Geographic subdivision | United States |
| General subdivision | Social conditions. |
| 9 (RLIN) | 12419 |
| 650 #0 - SUBJECT ADDED ENTRY--TOPICAL TERM | |
| Topical term or geographic name as entry element | Discrimination |
| Geographic subdivision | United States. |
| 9 (RLIN) | 12420 |
| 651 #0 - SUBJECT ADDED ENTRY--GEOGRAPHIC NAME | |
| Geographic name | United States |
| General subdivision | Social conditions |
| Chronological subdivision | 1980- |
| 9 (RLIN) | 12421 |
| 651 #0 - SUBJECT ADDED ENTRY--GEOGRAPHIC NAME | |
| Geographic name | United States |
| General subdivision | Race relations. |
| 9 (RLIN) | 12422 |
| 651 #0 - SUBJECT ADDED ENTRY--GEOGRAPHIC NAME | |
| Geographic name | United States |
| General subdivision | Ethnic relations. |
| 9 (RLIN) | 12423 |
| 700 1# - ADDED ENTRY--PERSONAL NAME | |
| Personal name | Ore, Tracy E. |
| 9 (RLIN) | 12424 |
| 856 42 - ELECTRONIC LOCATION AND ACCESS | |
| Materials specified | Publisher description |
| Uniform Resource Identifier | <a href="http://www.loc.gov/catdir/enhancements/fy0808/2007045019-d.html">http://www.loc.gov/catdir/enhancements/fy0808/2007045019-d.html</a> |
| 856 41 - ELECTRONIC LOCATION AND ACCESS | |
| Materials specified | Table of contents only |
| Uniform Resource Identifier | <a href="http://www.loc.gov/catdir/enhancements/fy0808/2007045019-t.html">http://www.loc.gov/catdir/enhancements/fy0808/2007045019-t.html</a> |
| 942 ## - ADDED ENTRY ELEMENTS (KOHA) | |
| Source of classification or shelving scheme | Dewey Decimal Classification |
| Item type | NB - Book (Non borrowing) |
| Withdrawn status | Item status | Source of classification or shelving scheme | Damaged status | Not for loan | Vendor | Home library | Current library | Shelving location | Date acquired | Source of acquisition | Total Checkouts | Full call number | Barcode | Date last seen | Date last borrowed | Koha item type | Total Renewals |
|---|---|---|---|---|---|---|---|---|---|---|---|---|---|---|---|---|---|
| Dewey Decimal Classification | Baccah | Central Library | Central Library | First floor | 10/03/2010 | 1 | 305.0973 SOC | 000020100 | 15/07/2025 | 24/03/2010 | NB - Book (Non borrowing) | ||||||
| Dewey Decimal Classification | Baccah | Central Library | Central Library | First floor | 13/04/2010 | 5 | 305.0973 SOC | 000020610 | 15/07/2025 | 17/04/2019 | Book - Borrowing | 63 | |||||
| Dewey Decimal Classification | Baccah | Central Library | Central Library | First floor | 13/04/2010 | 6 | 305.0973 SOC | 000020611 | 15/07/2025 | 11/12/2017 | Book - Borrowing | 84 |